UEFA EURO Top Goal Scorer by Country - Statistics

General Stats
  • This quiz has been taken 94 times
    24 since last reset
  • The average score is 17 of 36
Answer Stats
National Team Goals Player % Correct
Portugal (1) 14 Cristiano Ronaldo
100%
Belgium (1) 6 Romelu Lukaku
100%
England (2) 7 Alan Shearer / Harry Kane
95%
Croatia (2) 4 Ivan Perišić / Luka Modrić
89%
Poland (1) 6 Robert Lewandowski
84%
Sweden (1) 6 Zlatan Ibrahimović
84%
Wales (1) 3 Gareth Bale
79%
Bulgaria (1) 3 Hristo Stoichkov
74%
Germany (2) 5 Mario Gomez / Jürgen Klinsmann
74%
France (1) 9 Michel Platini
74%
Netherlands (2) 6 Patrick Kluivert / Ruud Van Nistelrooy
74%
Spain (1) 7 Alvaro Morata
68%
Denmark (5) 3 Frank Arnesen / Henrik Larsen / Brian Laudrup / Jon Dahl Tomasson / Kasper Dolberg
63%
Austria (3) 2 Marko Arnautović / Christoph Baumgartner / Michael Gregoritsch
63%
Switzerland (1) 5 Xherdan Shaqiri
63%
North Macedonia (2) 1 Egjan Alioski / Goran Pandev
58%
Georgia (1) 3 Georges Mikautadze
53%
Scotland (6) 1 Gary McAllister / Brian McClair / Ally McCoist / Paul McStay / Callum McGregor / Scott McTominay
47%
Greece (1) 4 Angelos Charisteas
37%
Finland (1) 1 Joel Pohjanpalo
32%
Albania (4) 1 Armando Sadiku / Nedim Bajrami / Klaus Gjasula / Qazim Laci
26%
Hungary (4) 2 Ferenc Bene / Balazs Dzsudzsak / Dezso Novak / Adam Szalai
26%
Slovakia (1) 3 Ivan Schranz
26%
Italy (2) 3 Mario Balotelli / Antonio Cassano
26%
Czech Republic (CSSR) (1) 6 Patrik Schick
26%
Yugoslavia (Serbia) (1) 5 Savo Milošević
21%
Romania (2) 2 Bogdan Stancu / Razvan Marin
16%
Ukraine (1) 3 Roman Yaremchuk
16%
Iceland (2) 2 Birkir Bjarnason / Kolbeinn Sigþórsson
11%
Ireland (1) 2 Robbie Brady
11%
Slovenia (1) 3 Zlatko Zahovič
11%
Northern Ireland (2) 1 Gareth McAuley / Niall McGinn
5%
Latvia (1) 1 Māris Verpakovskis
5%
Russia (USSR) (1) 4 Roman Pavlyuchenko
5%
Türkiye (1) 3 Semih Şentürk
5%
Norway (1) 1 Steffen Iversen
5%
No matching quizzes found
Score Distribution
Percent of People with Each Score
Percentile by Number Answered
Your Score History
You have not taken this quiz since the last reset